LIBRARY & INFORMATION CENTRE, KCAET, TAVANUR

ONLINE PUBLIC ACCESS CATALOGUE (OPAC)

Hydraulics of tile drains in peat and muck soils (Record no. 15319)

MARC details
000 -LEADER
fixed length control field 00336nam a22001217a 4500
082 ## - DEWEY DECIMAL CLASSIFICATION NUMBER
Classification number 631.7
Item number RAJ/HY
100 ## - MAIN ENTRY--AUTHOR NAME
Personal name RAJU, T. D
245 ## - TITLE STATEMENT
Title Hydraulics of tile drains in peat and muck soils
260 ## - PUBLICATION, DISTRIBUTION, ETC. (IMPRINT)
Place of publication Tavanur
Name of publisher Kelappaji College of Agricultural Engineering and Technology
Year of publication 1989
300 ## - PHYSICAL DESCRIPTION
Number of Pages 75
500 ## - GENERAL NOTE
General note Thesis
942 ## - ADDED ENTRY ELEMENTS (KOHA)
Koha item type Theses
Holdings
Withdrawn status Lost status Damaged status Home library Current library Date acquired Full call number Accession Number Koha item type Public note
      KAUAET KAUAET 03/03/2018 631.7 RAJ/HY 16530 Theses M.Tech Thesis
free website counter